000 00546nam a2200193Ia 4500
003 GCL
008 140319s9999 xx 000 0 ara d
040 _aGCL /
_cGCL
082 0 4 _a630
_bا ا
100 1 _aاحمد فريد السهريجى
245 1 0 _aاساسيات هندسة التصنيع الزراعى /
_cاحمد فريد السهريجى
300 _a400 ص
490 _a
650 0 4 _aالزراعة
650 0 4 _aالتصنيع
650 0 4 _aالعلوم التطبيقية
650 0 4 _aالاغذية
942 _2ddc
_cBK
999 _c48223
_d48223